Jesuitas exploradores, pioneros y geógrafos / (Record no. 146351)

MARC details
000 -CABECERA
campo de control de longitud fija 00525nam a2200181 u 4500
005 - FECHA Y HORA DE LA ÚLTIMA TRANSACCIÓN
campo de control 20210223131210.0
008 - ELEMENTOS DE LONGITUD FIJA--INFORMACIÓN GENERAL
campo de control de longitud fija 091210s2006 r 000 0 eng d
020 ## - NÚMERO INTERNACIONAL NORMALIZADO PARA LIBROS
Número Internacional Estándar del Libro 842712743X
035 ## - NÚMERO DE CONTROL DEL SISTEMA
Número de control de sistema UPN01000174247
049 ## - COLECCIÓN
Colección CG
050 #4 - SIGNATURA TOPOGRÁFICA DE LA BIBLIOTECA DEL CONGRESO
Número de clasificación BV2290
Número de documento/Ítem J4.7
245 00 - MENCIÓN DE TÍTULO
Título Jesuitas exploradores, pioneros y geógrafos /
Mención de responsabilidad, etc. ed. Juan Plazaola.
260 ## - PUBLICACIÓN, DISTRIBUCIÓN, ETC.
Lugar de publicación, distribución, etc. Bilbao, Esp. :
Nombre del editor, distribuidor, etc. Mensajero,
Fecha de publicación, distribución, etc. 2006.
300 ## - DESCRIPCIÓN FÍSICA
Extensión 243 p. :
Otras características físicas il., mapas
650 #4 - ASIENTO SECUNDARIO DE MATERIA - TERMINO TEMATICO
Término de materia o nombre geográfico como elemento de entrada JESUITAS -
Subdivisión general MISIONES
9 (RLIN) 13852
700 1# - ASIENTO SECUNDARIO--NOMBRE DE PERSONAL
Nombre de persona Plazaola Artola, Juan,
Término indicativo de función/relación ed.
905 ## - TIPO DE MATERIAL
Tipo de material Libro
Holdings
Estado de retiro Estado de pérdida Fuente del sistema de clasificación o colocación Estado dañado No para préstamo Código de colección Localización permanente Ubicación/localización actual Ubicación en estantería Total de préstamos Clasificación Código de barras Fecha visto por última vez Número de copia Tipo de ítem Koha
    Library of Congress Classification     Colección General Bib. Gregorio Torres Quintero Bib. Gregorio Torres Quintero Planta baja 9 BV2290 J4.7 270713 31/12/2020 1 Libro